Las Políticas culturales en Francia y España : una aproximación nacional y local comparada / Emmanuel Négrier una aproximación nacional y local comparada / Emmanuel Négrier
ISBN:
1133-8962
Descripción Física:
40 p. ; 21 cm
Colección:
Working papers ; 226
MARC
| LEADER | 00000nam a2200000Ia 4500 | ||
|---|---|---|---|
| 001 | 22261 | ||
| 008 | 160829s2003 xx 000 0 cat d | ||
| 020 | |a 1133-8962 | ||
| 080 | |a FU-54-10 | ||
| 100 | |a Négrier, Emmanuel |9 38236 | ||
| 245 | |a Las Políticas culturales en Francia y España : |b una aproximación nacional y local comparada / Emmanuel Négrier | ||
| 260 | |a Barcelona : |b Institut de Ciències Polítiques i Socials, |c 2003 | ||
| 300 | |a 40 p. ; |c 21 cm | ||
| 490 | |a Working papers ; 226 | ||
| 590 | |a Bibliografia. | ||
| 590 | |a Disponible a Internet: http://www.icps.es/archivos/WorkingPapers/wp226.pdf | ||
| 650 | 0 | |a Política cultural |9 38237 | |
| 650 | |a França |x Política cultural |9 38239 | ||
| 651 | 0 | |a Espanya |x Política cultural |9 55183 | |
| 710 | 2 | |a Institut de Ciències Polítiques i Socials (Barcelona, Catalunya) |9 55871 | |
| 901 | |a Arxiu | ||
| 942 | |n 1 | ||
| 952 | |0 0 |1 0 |4 0 |6 FU5410 |7 1 |9 48335 |a Arxiu |b Arxiu |d 2016-12-01 |l 0 |o FU-54-10 |p 22261 |r 2016-12-01 00:00:00 |w 2016-12-01 |y ARXIU | ||
| 999 | |c 52141 |d 52141 | ||